100 Metal Bands in 30 minutes - Statistics

General Stats
  • This quiz has been taken 708 times
  • The average score is 35 of 100
Answer Stats
Year of formation Genre Country Metal Band % Correct
1981 Thrash/Heavy/Hard Rock US Metallica
93%
1968 Proto-Heavy/Doom UK Black Sabbath
88%
1975 Heavy/NWOBHM UK Iron Maiden
80%
1981 Thrash US Slayer
80%
1983 Thrash/Heavy US Megadeth
79%
1973 Proto-Heavy/Hard Rock Australia AC/DC
76%
1994 Industrial/Neue Deutsche Härte Germany Rammstein
75%
1995 Nu/Alternative US Slipknot
74%
1984 Death US Death
73%
1981 Glam/Groove US Pantera
72%
1981 Thrash US Anthrax
71%
1993 Nu/Alternative US Korn
71%
1969 Heavy UK Judas Priest
67%
1994 Nu/Alternative/Rap Metal US Limp Bizkit
65%
1984 Thrash/Groove/Nu Brazil Sepultura
57%
1988 Brutal Death US Cannibal Corpse
55%
1996 Nu/Alternative US Linkin Park
55%
1975 Heavy/Rock'n'roll UK Motorhead
54%
1994 Nu/Alternative US System Of A Down
53%
1996 Death/Groove/Progressive France Gojira
49%
1964 Heavy/Hard Rock Germany Scorpions
48%
1981 Heavy/Glam/Stadium Rock US Mötley Crüe
46%
1979 NWOBHM/Speed/Black UK Venom
46%
1968 Proto-Heavy/Hard Rock UK Deep Purple
45%
1982 Thrash Germany Kreator
45%
1978 Power/Speed Germany Helloween
44%
1981 Grindcore/Death UK Napalm Death
42%
1990 Progressive Death/Progressive Rock Sweden Opeth
42%
1982 Black/Speed/Thrash Germany Sodom
42%
1979 Thrash US Exodus
41%
1991 Black/Ambient Norway Burzum
40%
1982 Heavy/Hard Rock US Dio
40%
1985 Progressive US Dream Theater
40%
1977 Heavy/Hard Rock UK Ozzy Osbourne
40%
1991 Alternative/Rapcore US Rage Against The Machine
40%
1983 Thrash US Testament
40%
1990 Progressive US Tool
40%
1999 Power Sweden Sabaton
39%
1993 Melodic Death Finland Children Of Bodom
37%
1989 Gothic/Doom US Type O Negative
36%
1988 Melodic Death/Viking Sweden Amon Amarth
35%
1983 Black/Viking Sweden Bathory
35%
1991 Black/Death Poland Behemoth
35%
1987 Technical Groove/Djent Sweden Meshuggah
35%
1982 Epic Doom Sweden Candlemass
34%
1999 Heavy/Alternative US Avenged Sevenfold
33%
1994 Groove Metal/Metalcore US Lamb Of God
33%
1986 Black/Death Norway Darkthrone
32%
1977 NWOBHM/Stadium Rock UK Def Leppard
31%
1983 Death US Morbid Angel
31%
1986 Grindcore/Melodic Death UK Carcass
30%
2000 Progressive/Sludge US Mastodon
30%
1968 Heavy Germany Accept
29%
1991 Black/Symphonic Black Norway Emperor
29%
1984 Thrash/Speed/Black Switzerland Celtic Frost
28%
1990 Melodic Death/Metalcore Sweden In Flames
28%
1984 Death US Obituary
28%
2004 Folk/Power/Pirate UK Alestorm
26%
1999 Power UK DragonForce
26%
1971 Doom US Pentagram
26%
1978 Heavy/NWOBHM UK Saxon
26%
1975 Proto-Heavy/Hard Rock UK Rainbow
25%
1991 Symphonic Black/Gothic UK Cradle Of Filth
24%
1991 Groove/Thrash/Nu US Machine Head
24%
1980 Thrash US Overkill
24%
1984 Speed/Power Germany Blind Guardian
23%
1986 Death Sweden Entombed
23%
1985 Heavy Denmark King Diamond
23%
1980 Heavy/Power US Manowar
23%
1981 Heavy Denmark Mercyful Fate
23%
1984 Technical Thrash Canada Annihilator
22%
1990 Melodic Death Sweden At The Gates
22%
1981 Thrash/Crossover US Suicidal Tendencies
22%
1972 Heavy/Hard Rock US Twisted Sister
22%
1987 Death US Deicide
21%
1993 Symphonic Black Norway Dimmu Borgir
21%
1983 Death/Thrash US Possessed
21%
1988 Doom/Stoner UK Electric Wizard
20%
1989 Industrial/Death US Fear Factory
17%
2009 Symphonic Deathcore US Lorna Shore
17%
1983 Death/Thrash Poland Vader
17%
2001 Thrash/Crossover US Municipal Waste
16%
1981 Progressive/Power US Queensrÿche
16%
1986 Death UK Bolt Thrower
15%
1976 Heavy/NWOBHM UK Diamond Head
15%
1989 Melodic Death/Melodic Black Sweden Dissection
15%
1981 Progressive Thrash Canada Voivod
15%
1988 Technical Death US Suffocation
14%
1982 Heavy/Hard Rock US W.A.S.P.
14%
1982 Thrash/Crossover US D.R.I.
13%
1982 Speed/Black Switzerland Hellhammer
13%
1987 Doom/Death/Progressive Sweden Katatonia
12%
1990 Black/Black'n'Roll Norway Satyricon
12%
1984 Progressive Death US Atheist
11%
1996 Progressive Death/Grindcore US Cattle Decapitation
10%
1980 Heavy/Power/Thrash US Metal Church
10%
2002 Progressive Cosmic Thrash US Vektor
9%
1983 Heavy/Doom/Hard Rock US Danzig
8%
1995 Folk/Doom/Black US Agalloch
7%
1972 Heavy US Cirith Ungol
3%
No matching quizzes found
Score Distribution
Percent of People with Each Score
Percentile by Number Answered
Your Score History
You have not taken this quiz